书目信息 |
| 题名: |
Python机器学习入门
|
|
| 作者: | 大曾根圭辅 , 关喜史 , 米田武 著 ;贾哲朴 译 | |
| 分册: | ||
| 出版信息: | 北京 机械工业出版社 2022 |
|
| 页数: | 188页 | |
| 开本: | 24cm | |
| 丛书名: | ||
| 单 册: | ||
| 中图分类: | TP311.56 | |
| 科图分类: | ||
| 主题词: | 软件工具--ruan jian gong ju--程序设计 | |
| 电子资源: | ||
| ISBN: | 978-7-111-69665-0 | |
| 000 | 01257nam0 2200289 450 | |
| 001 | 011025150523 | |
| 005 | 20221025150523.0 | |
| 010 | @a978-7-111-69665-0@dCNY79.00 | |
| 100 | @a20201004d2022 em y0chiy0110 ea | |
| 101 | 1 | @achi@cjpn |
| 102 | @aCN@b110000 | |
| 105 | @aa z 000yy | |
| 106 | @ar | |
| 200 | 1 | @aPython机器学习入门@APythonji qi xue xi ru men@e机器学习算法的理论与实践@f(日) 大曾根圭辅, (日) 关喜史, (日) 米田武著@g贾哲朴译 |
| 210 | @a北京@c机械工业出版社@d2022 | |
| 215 | @a188页@c图@d24cm | |
| 330 | @a本书全面细致地讲解了机器学习的基础和其应用,具体内容包括机器学习中必要的环境搭建和Python的基础知识、有监督学习和无监督学习的理论及其实际应用案例、有监督学习和无监督学习的机器学习模式并以理论结合公式的方式讲解了Python代码的编写方法,以及数据的采集、处理和实际操作中机器学习的模式。 | |
| 517 | 1 | @a机器学习算法的理论与实践@Aji qi xue xi suan fa de li lun yu shi jian |
| 606 | 0 | @a软件工具@Aruan jian gong ju@x程序设计 |
| 610 | 0 | @aPython@APython |
| 690 | @aTP311.56@v5 | |
| 701 | 0 | @c(日)@a大曾根圭辅@Ada zeng gen gui fu@4著 |
| 701 | 0 | @c(日)@a关喜史@Aguan xi shi@4著 |
| 701 | 0 | @c(日)@a米田武@Ami tian wu@4著 |
| 702 | 0 | @a贾哲朴@Ajia zhe pu@4译 |
| 801 | 0 | @aCN@c20221025 |
| 905 | @a河南城建学院图书馆@dTP311.56@eD028 | |
| Python机器学习入门:机器学习算法的理论与实践/(日) 大曾根圭辅, (日) 关喜史, (日) 米田武著/贾哲朴译.-北京:机械工业出版社,2022 |
| 188页:图;24cm |
| ISBN 978-7-111-69665-0:CNY79.00 |
| 本书全面细致地讲解了机器学习的基础和其应用,具体内容包括机器学习中必要的环境搭建和Python的基础知识、有监督学习和无监督学习的理论及其实际应用案例、有监督学习和无监督学习的机器学习模式并以理论结合公式的方式讲解了Python代码的编写方法,以及数据的采集、处理和实际操作中机器学习的模式。 |
| ● |
| 相关链接 |
|
|
|
正题名:Python机器学习入门
索取号:TP311.56/D028
 
预约/预借
| 序号 | 登录号 | 条形码 | 馆藏地/架位号 | 状态 | 备注 |
| 1 | 1584388 | 215843880 | 自科库301/301自科库 50排3列1层/ [索取号:TP311.56/D028] | 在馆 |